Правове, нормативне та метрологічне забезпечення системи захисту інформації в Україні (Запис № 325832)

МАРК-запис
000 -Лідер
fixed length control field 01134nam a22002537a 4500
003 - Ідентифікатор контрольного номера
control field UA-OsUOA
001 - Контрольний номер
control field 39693
007 - Фіксоване поле фізичного опису
fixed length control field ta
008 - Елементи даних фіксованої довжини – загальна інформація
fixed length control field 20060626b un ||||| |||| 00| 0 ukr d
090 ## - Локальний шифр розміщення
Класифікаційний індекс УДК 004.4
Авторський знак (НП) П11
040 ## - Джерело каталогізації
Агенція оригінальної каталогізації UA-OsUOA
Мова каталогізації ukr
Агенція, яка здійснювала перезапис UA-OsUOA
Агенція, яка здійснювала модифікацію UA-OsUOA
041 ## - Код мови
Код мови тексту/ звукової доріжки чи окремого заголовка (П) ukr
080 ## - Індекс Універсальної десяткової класифікації
Індекс Універсальної десяткової класифікації (УДК) (НП) 004.4
044 ## - Код країни видавця/ виробника
Код країни видавця/ виробника (П) UA
099 ## - Місцевий розмір звичайного тексту (OCLC)
Передплатний індекс 23524
245 ## - Відомості про назву
Назва (НП) Правове, нормативне та метрологічне забезпечення системи захисту інформації в Україні
Решта назви (НП) Випуск 1 (12) Національний технічний університет України "Київський політехнічний інститут", Департамент спеціальних телекомунікаційних систем та захисту Служби Безпеки України
Дані про відповідальність (НП) Відп. ред. Найденко В.І.
260 ## - Публікація, розповсюдження і т.п. (Вихідні дані)
Місце публікації, розповсюдження і т.п. (П) К.
246 31 - Інша форма назви
Назва (НП) Науково-технічний збірник
Номер частини/ розділ роботи (П)
300 ## - Фізичний опис
Обсяг 194 с.
650 #7 - Додаткове предметне введення – тематичний термін
Тематичний термін чи географічна назва, як елемент введення (НП) 00 Загальні питання науки і культури
Джерело заголовка чи терміна UDC
942 ## - Додаткові елементи входу (Коха)
Тип елемента Koha Журнал
955 ## - Код типу видання за змістом
Код типу видання за змістом (НП) Навчальні видання
962 ## - Рік початку публікації
-- 2000

Немає доступних примірників.